Fast typing numbers 2# - Statistics

General Stats
  • This quiz has been taken 29 times
  • The average score is 14 of 15
Answer Stats
Hint Answer % Correct
# 16
96%
# 21
96%
# 23
96%
# 24
96%
# 17
91%
# 18
91%
# 19
91%
# 20
91%
# 22
91%
# 25
91%
# 26
91%
# 27
91%
# 28
91%
# 30
91%
# 29
87%
No matching quizzes found
Score Distribution
Percent of People with Each Score
Percentile by Number Answered
Your Score History
You have not taken this quiz